000 00575nam a2200181 a 4500
001 000034385
005 20200930073654.0
008 111004s2006 es 000 0 spa d
020 _a9586711021
040 _aDO-SdBNP
_bspa
_cBNPHU
245 0 0 _aEl espacio iberoamericano del libro /
_cedición Calos Sánchez Lozano.
260 _aEspaña :
_bCERLALC,
_c2006.
300 _a253 p. ;
_c25 cm.
504 _aBibliografía 251-253
700 1 _aSánchez Lozano, Carlos
_959804
710 1 _aCentro Regional para el Fomento del Libro en America Latina
_959805
049 _aBNPD
999 _c33876
_d33876